Catálogo
 En Linea
Vista normal Vista MARC

Entrada Nombre corporativo

Número de registros utilizados en: 1

001 - NÚMERO DE CONTROL

  • campo de control: 86918

003 - IDENTIFICADOR DEL NÚMERO DE CONTROL

  • campo de control: DO-SdBNP

005 - FECHA Y HORA DE LA ÚLTIMA TRANSACCIÓN

  • campo de control: 20250127110821.0

008 - DATOS DE LONGITUD FIJA

  • campo de control de longitud fija: 250127|| aca||aabn || a|a d

040 ## - FUENTE DE LA CATALOGACIÓN

  • Centro catalogador/agencia de origen: DO-SdBNP

043 ## - CÓDIGO DE ÁREA GEOGRÁFICA

  • Código de área geográfica: dr

110 ## - ENCABEZAMIENTO-NOMBRE DE ENTIDAD CORPORATIVA

  • Nombre de entidad corporativa o nombre de jurisdicción como elemento de entrada: Unión de Farmacias, Inc.

370 ## - LUGAR ASOCIADO

  • País asociado: Santo Domingo, República Dominicana

372 ## - CAMPO DE ACTIVIDAD

  • Campo de actividad: Farmaceutica

678 ## - DATOS BIOGRÁFICOS O HISTÓRICOS

  • Datos biográficos o históricos: EL NUEVO DIARIO, SANTO DOMINGO. – Bajo su lema, «Siempre a tiempo», la Unión de Farmacias Inc., (Unión) en este miércoles 25 de septiembre, Día Mundial de la Farmacéutica reconoce el valor de los profesionales del área, y para esto, El nuevo Diario se unió a este efemérides para recodar que fue fundada el 24 de abril de 1984, como un proyecto de gremio y empresarios, bajo la visión de Raúl Hernández Castaños (Farmacia Brasil), Fabio García Jiménez (Farmacia Nueva Vía), José Mármol (Farmacia Cristiana) y Franklin Díaz (Farmacia Enriquillo), cuatro amigos, propietarios de farmacias que a la fecha, se mantiene en pies, aportando a la venta y servicios de medicamentos.

Con tecnología Koha